000 01538nam a22003977a 4500
003 CHAP
005 20220329143403.0
008 090211s2008 mx a r 00010 spa d
010 _a95827
011 _a96799
035 _a107456
040 _cCHAP
090 _aTesis
100 1 _aMijangos Santos, Margarito
_975636
245 1 0 _aDiseño de un sistema de refrigeración por absorción con la utilización de energía solar
_c/por Margarito Mijangos Santos
260 _aChapingo, Méx. :
_bEl autor,
_c2008
300 _aix, 115 h. :
_bilus., gráfs., tablas
502 _aTesis (Ing. Mecánico Agrícola) -- UACH. Departamento de Ingeniería Mecánica Agrícola
530 _aTambién disponible en línea
590 _aALEPH
_b10
_c20130110
_lUCH01
_h1527
590 _aBATCH-UPD
_b10
_c20130110
_lUCH01
_h0812
590 _aBATCH-UPD
_b10
_c20130410
_lUCH01
_h0449
590 _aBATCH-UPD
_b10
_c20130914
_lUCH01
_h1205
590 _aBATCH-UPD
_b10
_c20140324
_lUCH01
_h1510
590 _aBATCH-UPD
_b10
_c20141002
_lUCH01
_h0838
590 _aCONVERSION
_b10
_c20130109
_lUCH01
_h1353
650 1 4 _aDiseño de sistemas.
_932729
650 1 4 _aEnergía solar en agricultura.
_936913
650 1 4 _aEnergía solar.
_936911
650 1 4 _aRefrigeración.
_995611
856 _3Finding aid
_uhttp://10.13.5.2/tesis/107456.pdf
_zTeclea aqui
901 _aBK
942 _cFOLL
949 _aTesis
_bBC
_cTES
_d33724002085652
_eTS1
_fc.2
_gDonaciØn
_h48831
_i107456
_si
949 _aTesis
_bBC
_cTES
_d33724002085694
_eTS2
_gDonaciØn
_h48832
_i107456
_si
999 _c95827
_d95827